Statistics for Country Shapes If Separatists Got Their Ways

Click here to take the quiz!

General Stats

  • This quiz has been taken 481 times
  • The average score is 12 of 14

Answer Stats

Map ShapeCountry% Correct
United Kingdom
99%
Canada
98%
India
96%
Indonesia
96%
Spain
94%
China
93%
Turkey
90%
Somalia
88%
Myanmar
87%
Pakistan
87%
Iraq
85%
Azerbaijan
77%
Belgium (Wallonia)
63%
Georgia
57%

Score Distribution

Percentile by Number Answered

Percent of People with Each Score

Your Score History

You have not taken this quiz